| 000 | 00649nam a2200241Ia 4500 | ||
|---|---|---|---|
| 003 | OSt | ||
| 005 | 20221005093708.0 | ||
| 006 | a|||||r|||| 00| 0 | ||
| 007 | ta | ||
| 008 | 221004b |||||||| |||| 00| 0 eng d | ||
| 024 | _a41755 | ||
| 037 | _cTextual | ||
| 040 |
_aCRL _cCRL _beng |
||
| 041 |
_2eng _aeng |
||
| 082 | _aO111,1NPAx, N2 | ||
| 100 |
_aPatnaik Simanchal _9214578 |
||
| 245 | 0 | _aDelightful world of poems | |
| 260 |
_aOrissa _bSarala Patnaik India _c1982 |
||
| 300 |
_aiv, 98p _ccm. |
||
| 650 | _aENGLISH LITERATURE | ||
| 942 |
_hO111,1NPAx, N2 _cTEXL _2cc |
||
| 999 |
_c1000808 _d1000808 |
||